Sociedad 4 : (Registro nro. 7939)

Detalles MARC
000 -LIDER
fixed length control field 01552nam a2200373 a 4500
001 - NÚMERO DE CONTROL
Identificador de número de control 00250
003 - IDENTIFICACDOR DE NÚMERO DE CONTROL
control field DO-SdBNP
005 - DATE AND TIME OF LATEST TRANSACTION
control field 20180312084121.0
007 - CAMPOS FIJOS DE DESCRIPCIÓN FÍSICA
fixed length control field 00250
008 - ELEMENTOS DE LONGITUD FIJA
fixed length control field 091118s2004 dr 2008 000 0 spa d
020 ## - ISBN
International Standard Book Number 9993498238 (v.1)
040 ## - FUENTE DE CATALOGACIÓN
Agencia que crea de manera original el registro BPMSU
Idioma de catalogación spa
Agencia que realiza la transcripción BPMSU
092 ## - LOCALLY ASSIGNED DEWEY DECIMAL CALL NUMBER
Número de clasificación 372.83
Número de ítem (Cutter) C238s 4to. 2008
100 1# - ASIENTO PRINCIPAL -- NOMBRE PERSONAL
Nombre personal Capellán Almonte, Fanny
245 00 - MENCIÓN DE TITULO
Título Sociedad 4 :
Subtítulo básica /
Mención de responsabilidad Fanny Capellán Almonte, Eric Castro Ricart ;editor Margarita Castro Catrain
260 ## - PUBLICACIÓN, DISTRIBUCIÓN, ETC. (PIE DE IMPRENTA)
Lugar de publicación, distribución, etc Santo Domingo :
Nombre del editor, distribuidor, etc. Santillana,
Fecha de publicación, distribución, etc 2004.
300 ## - DESCRIPCIÓN FÍSICA
Extensión 127 p. :
Otros detalles físicos il., mapas., retrs. ;
Dimensiones 28 cm.
490 1# - MENCIÓN DE SERIES
Mención de serie Ámbar
500 ## - NOTA GENERAL
Nota general La biblioteca posee el libro texto
505 0# - NOTA DE CONTENIDO
Título Unidade 1 -
-- Nuestro planeta --
-- Unidad 2 --
-- El antecedente colonial --
-- Unidad 3 --
-- La República Dominicana --
-- Unidad 4 --
-- Nuestros indígenas
-- Unidad 5 --
-- El descubrimiento --
-- Unidad 6 --
-- Colonia de Santo Domingo --
-- Unidad 7 --
-- División de la isla --
-- Unidad 8 --
-- La República.
650 #4 - ENCABEZAMIENTO DE MATERIA--TEMÁTICO
Término temático o nombre geográfico como elemento de entrada CIENCIAS SOCIALES
Subdivisión temática general ENSEÑANZA BÁSICA
650 #4 - ENCABEZAMIENTO DE MATERIA--TEMÁTICO
Término temático o nombre geográfico como elemento de entrada CIENCIAS SOCIALES
Subdivisión temática general EDUCACIÓN PRIMARIA
650 #4 - ENCABEZAMIENTO DE MATERIA--TEMÁTICO
Término temático o nombre geográfico como elemento de entrada CIENCIAS SOCIALES
Subdivisión temática general LIBROS DE TEXTOS
650 #4 - ENCABEZAMIENTO DE MATERIA--TEMÁTICO
Término temático o nombre geográfico como elemento de entrada CIENCIAS SOCIALES
Subdivisión temática general ESTUDIOS Y EJERCICIOS
650 #4 - ENCABEZAMIENTO DE MATERIA--TEMÁTICO
Término temático o nombre geográfico como elemento de entrada EDUCACIÓN PRIMARIA
Subdivisión geográfica REPÚBLICA DOMINICANA
700 12 - ASIENTO SECUNDARIO -- NOMBRE PERSONAL
Nombre personal Castro Ricart, Eric
700 12 - ASIENTO SECUNDARIO -- NOMBRE PERSONAL
Nombre personal Castro Catrain
700 12 - ASIENTO SECUNDARIO -- NOMBRE PERSONAL
Nombre personal Castro Catrain, Margarita,
Mención de responsabilidad ed.
830 #0 - ASIENTO SECUNDARIO DE SERIE--TÍTULO UNIFORME
Título uniforme Ámbar
942 ## - ADDED ENTRY ELEMENTS (KOHA)
Source of classification or shelving scheme Dewey Decimal Classification
Koha item type Libros
945 ## - INFORMACIÓN DE PROCESAMIENTO LOCAL
Información de procesamiento local Remanejado para la BNPHU / 2018 VM
956 ## - LOCAL ELECTRONIC LOCATION AND ACCESS (OCLC)
Nombre de host VMATEO
Número de acceso 10
Información de compresión 20150701
Inicio de sesión BPMSU
Procesador de solicitud 00151
956 ## - LOCAL ELECTRONIC LOCATION AND ACCESS (OCLC)
Nombre de host BTAVÁREZ
Número de acceso 10
Información de compresión 20160414
Inicio de sesión 00250
Existencias
Withdrawn status Lost status Source of classification or shelving scheme Damaged status Not for loan Home library Current library Date acquired Source of acquisition Total Checkouts Full call number Barcode Date last seen Price effective from Koha item type
    Dewey Decimal Classification     Biblioteca Pública Metropolitana Salomé Ureña Biblioteca Pública Metropolitana Salomé Ureña 07/01/2015 Donación   372.83 C238s 4to. 2008 BPMSU15070001 07/01/2015 07/01/2015 Libros